• 首页
  • 本馆介绍
  • 公告通知
  • 最新文献
  • 馆藏检索
  • 电子资源
  • 读者导购
  • 参考咨询
  • 我的图书馆
  • 登录
  • 详细信息显示
  • 放入我的书架
  • 预约/预借图书
  • 作者相关作品
  • 分类相关作品
  • 丛书相关作品
  • 出版社相关作品

书目信息

  • 表格格式
  • 工作单格式
  • 卡片格式
题名:
最高人民法院知识产权司法解释理解与适用
    
 
作者: 孔祥俊 主编
分册:  
出版信息: 北京   中国法制出版社  2012.07
页数: 308页
开本: 25cm
丛书名:
单 册:
中图分类: D923.405
科图分类:
主题词: 知识产权法--法律解释--中国 , 知识产权法--法律适用--中国 , 知识产权法 , 法律解释 , 法律适用
电子资源:
ISBN: 978-7-5093-3603-8
000 00992nam0 2200289 450
001 005988907
005 20130608084623.75
010    @a978-7-5093-3603-8@dCNY58.00
035    @a005988907
100    @a20120820d2012 em y0chiy0110 ea
101 0  @achi
102    @aCN@b110000
105    @ay z 000yy
106    @ar
200 1  @a最高人民法院知识产权司法解释理解与适用@9zui gao ren min fa yuan zhi shi chan quan si fa jie shi li jie yu shi yong@f孔祥俊主编
210    @a北京@c中国法制出版社@d2012.07
215    @a308页@d25cm
330    @a本书收录了知识产权领域所有有效的司法解释及文件,并由权威人员对每个文件都进行了解读和适用指导。全书分综合、专利、商标、著作权、网络域名、合同等九个部分。
606 0  @a知识产权法@x法律解释@y中国
606 0  @a知识产权法@x法律适用@y中国
606 0  @a知识产权法
606 0  @a法律解释
606 0  @a法律适用
690    @aD923.405@v5
701  0 @a孔祥俊@9kong xiang jun@f(1965~)@4主编
801  0 @aCN@bNLC@c20121012
905    @dD923.405@e1019
    
    最高人民法院知识产权司法解释理解与适用/孔祥俊主编.-北京:中国法制出版社,2012.07
    308页;25cm
    
    
    ISBN 978-7-5093-3603-8:CNY58.00
    本书收录了知识产权领域所有有效的司法解释及文件,并由权威人员对每个文件都进行了解读和适用指导。全书分综合、专利、商标、著作权、网络域名、合同等九个部分。
●
相关链接 在E读中查询图书 在五车中查询图书 在当当中查询图书 在豆瓣中查询图书


正题名:最高人民法院知识产权司法解释理解与适用     索取号:D923.405/1019         预约/预借

序号 登录号 条形码 馆藏地/架位号 状态 备注
1 0543537   205435377   第一样本阅览室/ [索取号:D923.405/1019] 在馆    
2 0543538   205435386   第一借阅区/ [索取号:D923.405/1019] 在馆    
3 0543539   205435395   密集书库-史法系/ [索取号:D923.405/1019] 在馆    
唐山师范学院图书馆 欢迎您!
大连网信软件有限公司© 版权所有